000 00580pab a2200181 454500
008 180718b2014 xxu||||| |||| 00| 0 eng d
100 _aMcVeigh, Rory
245 _aPolitical polarization as a social movement outcomes: 1960s Klan activism and its enduring impact on political realignment in southern counties, 1960 to 2000
260 _c2014
300 _ap.1144-1171.
362 _aDec
650 _aEthnic group
650 _aSocial movements
700 _aFarrell, Justin
700 _aCunningham, David
773 _aAmerican Sociological Review
909 _a107224
999 _c107219
_d107219